00669 a2200181 4500003000500000005001700005040000900022082001600031100004600047245014200093260003300235300001600268650002300284651001900307942001200326999001900338952013000357NUST20251215125120.0 cNust a621.382,HAS aSahibzada, Sarah Shahid (TCC-20)9132267 aImplimentation of narrowband & wideband waveform for software defined radio /cSarah Shahid Sahibzada, Qurat -ul-Ain and Midhat Javaid aRawalpindibMCS (NUST)c2012 axii, 79 p.; aUG Project9131132 aTCC-209131219 cPR2ddc c190696d190696 00102ddc4070aMCSbMCScREFd2016-12-12o621.382, SAHpMCSPTC-192r2016-12-08w2016-12-12yPRzAlmirah No. 94, Shelf No. 4